000 00971nam a2200253Ia 4500
003 OSt
005 20220923215412.0
006 a|||||r|||| 00| 0
007 ta
008 220922b |||||||| |||| 00| 0 hin d
024 _a178,372
037 _cTextual
040 _aARTS
_cARTS
_bhin
041 _2hin
_ahin
082 _aO152,1M:g(P,35), M4
100 _aत्रिपाठी, सत्य नारायण
245 0 _aहिन्दी रीतिकद्ध काव्य भाषा की क्रिया संरचना
246 _aHindī rītikaddha kāvya bhāṣhā kī kriyā sanrachanā
260 _aनई दिल्ली
_b प्रकाशन सस्थान
_c1984
300 _a260 पृ.
_ccm.
650 _aहिन्दी साहित्य
_9156264
942 _hO152,1M:g(P,35), M4
_cTEXL
_2CC
999 _c331754
_d331754